00553nam a22001697a 450000500170000001000150001702000270003203500140005903700130007308200110008624501070009726000450020427000660024930000270031550000220034270000190036420180918113329.0 aENG-123987 a9780199480654c1495.00 aEN-107519 bDBAD/PUB a378.54 aThe future of indian universities :ced. by C. Raj Kumarbcomparative and international perspectives / aNew DelhibOxford University Pressc2017 bNew Delhie110002a2/11 Ground Floor, Ansari Road, Daryaganj, axxxiv,482pc22cm.(Hb.) aIt includes index a Raj Kumar, C.